000 00547nam a2200169 a 4500
001 000040778
005 20201002034355.0
008 130906s2012 sp 000 0 spa d
020 _a9788496431270
040 _aDO-SdBNP
_bspa
_cBNPHU
100 1 _aCopedé, Maurizio
_967188
245 1 0 _aRestauración del papel :
_bprevención, conservación, reintegración /
_cMaurizio Copedé.
260 _aMadrid :
_bNerea,
_c2012.
300 _a159 p. :
_bil. ;
_c25 cm.
490 1 _aArte y restauración ;
_v16
830 0 _aArte y restauración ;
_v16
_967189
999 _c40268
_d40268